[Event "Muensterland op 41st"]
[Site "Muenster"]
[Date "2024.10.19"]
[Round "9"]
[White "Venkat, Raghav"]
[Black "Neumann, Theodor"]
[Result "1-0"]
[WhiteElo "2247"]
[BlackElo "1969"]
[PlyCount "120"]
[EventDate "2024.10.12"]
[EventType "swiss"]
[EventRounds "9"]
[EventCountry "GER"]
[SourceTitle "CB43_2024"]
[Source "Chessbase"]
[SourceDate "2024.10.23"]
[SourceVersion "1"]
[SourceVersionDate "2024.10.23"]
[SourceQuality "1"]

1. c4 e6 2. Nc3 d5 3. d4 Nf6 4. Bf4 Bd6 5. Bxd6 Qxd6 6. e3 c6 7. Nf3 Nbd7 8. Bd3 0-0 9. 0-0 b6 10. Qe2 Bb7 11. Rfd1 Rac8 12. Rac1 Rfd8 13. e4 dxe4 14. Nxe4 Nxe4 15. Qxe4 Nf6 16. Qh4 h6 17. c5 Qd5 18. Bc4 Qh5 19. Qxh5 Nxh5 20. Ne5 Nf6 21. Be2 Nd5 22. Bh5 g6 23. Bf3 Kg7 24. Nc4 b5 25. Nd6 Rc7 26. Bxd5 exd5 27. Re1 Kf8 28. Re3 Bc8 29. Rce1 Be6 30. f4 h5 31. Kf2 Kg7 32. Kg3 Kf6 33. Kh4 Rcd7 34. h3 Rh8 35. Re5 a5 36. Rf1 Rdd8 37. Rg5 Bf5 38. Re1 a4 39. Nxf5 gxf5 40. Re5 a3 41. Rgxf5+ Kg6 42. Rg5+ Kf6 43. b3 Rde8 44. Rgf5+ Kg6 45. Rg5+ Kf6 46. g3 b4 47. Rxe8 Rxe8 48. Re5 Rxe5 49. fxe5+ Kf5 50. g4+ hxg4 51. hxg4+ Ke4 52. g5 Kxd4 53. g6 fxg6 54. e6 Kc3 55. e7 Kb2 56. e8Q Kxa2 57. Qxc6 Kxb3 58. Qxd5+ Kb2 59. Qd2+ Kb3 60. Qd1+ Kb2 1-0

[Event "GER-chT U16"]
[Site "Neumarkt in der Oberpfalz"]
[Date "2016.12.29"]
[Round "5.2"]
[White "Delere, Adrian"]
[Black "Neumann, Theodor"]
[Result "0-1"]
[WhiteElo "1718"]
[BlackElo "1707"]
[PlyCount "112"]
[EventDate "2016.12.27"]
[EventType "team-swiss"]
[EventRounds "7"]
[EventCountry "GER"]
[SourceTitle "EXT 2018"]
[Source "ChessBase"]
[SourceDate "2017.10.13"]
[SourceVersion "1"]
[SourceVersionDate "2017.10.13"]
[SourceQuality "1"]
[WhiteTeam "Emsdetten Rochade"]
[BlackTeam "Guetersloh"]
[WhiteTeamCountry "GER"]
[BlackTeamCountry "GER"]

1. e4 e5 2. Nf3 Nc6 3. Nc3 Nf6 4. d4 exd4 5. Nxd4 Bb4 6. Nxc6 bxc6 7. Bd3 d5 8. exd5 cxd5 9. 0-0 0-0 10. Bg5 c6 11. h3 Be6 12. Qf3 Bd6 13. Rfe1 Rb8 14. Rab1 Be7 15. Ne2 h6 16. Bf4 Bd6 17. Nd4 Bxf4 18. Qxf4 Qd7 19. Re3 c5 20. Nf5 Bxf5 21. Bxf5 Qc6 22. c3 Rfe8 23. b3 Rbd8 24. Rd1 Rxe3 25. fxe3 Qb6 26. Kh1 Qa5 27. e4 d4 28. cxd4 cxd4 29. e5 Nh5 30. Qh4 g6 31. e6 Ng3+ 32. Qxg3 Qxf5 33. Qc7 Qf6 34. e7 Re8 35. Qxa7 d3 36. Qd7 Rxe7 37. Qxd3 Re8 38. Qd7 Rf8 39. Qd4 Qa6 40. a4 Rb8 41. Qc3 Qe2 42. Ra1 Rd8 43. b4 Rd3 44. Qe1 Qh5 45. Qf1 Rb3 46. b5 g5 47. Qf5 Qh4 48. a5 Rg3 49. Rf1 Qc4 50. b6 Rb3 51. Rb1 Qb4 52. Ra1 Qd4 53. Qc8+ Kg7 54. Rc1 Qe4 55. Qc4 Rxh3+ 56. Kg1 Qe3+ 0-1

[Event "GER-chT U16"]
[Site "Neumarkt in der Oberpfalz"]
[Date "2016.12.27"]
[Round "1.2"]
[White "Neumann, Theodor"]
[Black "Laubrock, Paul"]
[Result "0-1"]
[WhiteElo "1707"]
[BlackElo "1913"]
[PlyCount "160"]
[EventDate "2016.12.27"]
[EventType "team-swiss"]
[EventRounds "7"]
[EventCountry "GER"]
[SourceTitle "EXT 2018"]
[Source "ChessBase"]
[SourceDate "2017.10.13"]
[SourceVersion "1"]
[SourceVersionDate "2017.10.13"]
[SourceQuality "1"]
[WhiteTeam "Guetersloh"]
[BlackTeam "Hagen"]
[WhiteTeamCountry "GER"]
[BlackTeamCountry "GER"]

1. d4 d5 2. c4 e6 3. cxd5 exd5 4. Nc3 f5 5. Bf4 c6 6. e3 Nf6 7. Bd3 Be6 8. Qc2 g6 9. Nge2 Bg7 10. 0-0 0-0 11. Rac1 Ne4 12. f3 Nd6 13. Na4 Qe7 14. Nc5 Bc8 15. Kh1 Nd7 16. Nxd7 Qxd7 17. Qc5 Nf7 18. e4 dxe4 19. fxe4 fxe4 20. Bxe4 Re8 21. Bf3 Qe7 22. b4 g5 23. Be5 Nxe5 24. dxe5 Qxe5 25. Bh5 Re7 26. Rcd1 Bd7 27. Bf7+ Kh8 28. Bc4 Qxc5 29. bxc5 Bg4 30. Rd2 Rae8 31. Ng3 Be5 32. Nf5 Bxf5 33. Rxf5 Bf4 34. Rf2 Re1+ 35. Bf1 R8e2 36. Rf3 Rxa2 37. g3 Re3 38. Rxe3 Bxe3 39. Re5 Rf2 40. Bd3 Bd4 41. Rxg5 h6 42. Rg4 Bxc5 43. Rg6 Be3 44. Re6 Bg5 45. Kg1 Rf8 46. Kg2 Rd8 47. Bf5 a5 48. h4 Bd2 49. Re7 Rb8 50. Kf3 a4 51. Rd7 Bc3 52. Rh7+ Kg8 53. Rxh6 a3 54. Be6+ Kg7 55. Rh5 b5 56. Rc5 Rf8+ 57. Kg4 b4 58. Rxc6 Rf6 59. Rc7+ Kh6 60. Bc4 Rg6+ 61. Kf5 Rxg3 62. Ra7 Rg7 63. Ra6+ Kh5 64. Ke4 Rd7 65. Ra5+ Kxh4 66. Kf3 Rg7 67. Be6 Rg3+ 68. Ke4 Bd2 69. Ke5 Re3+ 70. Kf5 Kg3 71. Ra8 Bc1 72. Ra4 Rxe6 73. Kxe6 b3 74. Kd5 a2 75. Kc4 b2 76. Ra3+ Kf4 77. Kc3 a1Q 78. Ra4+ Qxa4 79. Kd3 b1Q+ 80. Ke2 Qac2+ 0-1